| 000 | 01544nam0a22003371 4500 | ||
|---|---|---|---|
| 001 | RU\INFOCOMM_327\NLR\5000076101 | ||
| 005 | 20260406104359.0 | ||
| 010 |
_93000 экз. _a5-7300-0043-X |
||
| 035 | _a(NLR Aleph) 010605320 | ||
| 090 |
_a10551199 _c10551199 |
||
| 100 | _a20130325d1993 |||y0rusy50 ca | ||
| 101 | 1 |
_ager _crus |
|
| 102 | _aRU | ||
| 105 | _ay z|||| | ||
| 200 | 1 |
_aPuschkin-Museum der bildenden Künste, Moskau _e[Album _fEinl. Aufsstz von Irina Antonowa _gZsstellung von Jewgeni Lewitin _gAus dem Russ. übertr. von Ilse Hoppe] |
|
| 210 |
_aSt. Petersburg _cAurora _d1993 |
||
| 215 |
_a287 с. _cил., цв. ил. _d34 см |
||
| 300 | _aВ вып. дан. на наклейке: Государственный музей изобразительных искусств имени А. С. Пушкина Москва: Альбом / Сост. Е. С. Левитин | ||
| 606 | 0 |
_aИскусство _yМузей изобразительных искусств. Москва _jСобрания _2nlr_sh1 |
|
| 620 | _aСанкт-Петербург | ||
| 686 |
_aЩ103(0)л61 _2rubbk |
||
| 686 |
_aЩ101.3(2Р)-2Москва2 _2rubbk |
||
| 702 | 1 |
_9z01790 _aLevitin _bE. S. _gEvgenij Semenovič _4220 |
|
| 710 | 0 | 2 |
_8ger _aStaatliches Museum für bildende Künste A. S. Puschkin _cMoskau _7ba _3RU\NLR\AUTH\883018 _9277183 |
| 790 | 1 |
_9z01702 _aLewitin _bJ. _gJewgeni _4220 |
|
| 801 | 1 |
_aRU _bInfocomm _c20130325 |
|
| 801 | 0 |
_aRU _bINFOCOMM _gPSBO |
|
| 852 |
_aNLR _jЭ АлИс134/2-М821 |
||
| 942 | _cBOOK | ||
| 980 | _aNB | ||